<?xml version="1.0" encoding="UTF-8"?>
<record
    xmlns:xsi="http://www.w3.org/2001/XMLSchema-instance"
    xsi:schemaLocation="http://www.loc.gov/MARC21/slim http://www.loc.gov/standards/marcxml/schema/MARC21slim.xsd"
    xmlns="http://www.loc.gov/MARC21/slim">

  <leader>01942nam0a2200373   4500</leader>
  <controlfield tag="001">RU\NLR\bibl\1988484</controlfield>
  <controlfield tag="005">20260405220535.0</controlfield>
  <datafield tag="021" ind1=" " ind2=" ">
    <subfield code="a">RU</subfield>
    <subfield code="b">2012-99678</subfield>
    <subfield code="9">7355</subfield>
  </datafield>
  <datafield tag="035" ind1=" " ind2=" ">
    <subfield code="a">(nilc)RuMoRGB-006511246</subfield>
  </datafield>
  <datafield tag="035" ind1=" " ind2=" ">
    <subfield code="a">(NLR Aleph) 001977047</subfield>
  </datafield>
  <datafield tag="090" ind1=" " ind2=" ">
    <subfield code="a">4036656</subfield>
    <subfield code="c">4036656</subfield>
  </datafield>
  <datafield tag="100" ind1=" " ind2=" ">
    <subfield code="a">20130114e20121863|||y0rusy50      ca</subfield>
  </datafield>
  <datafield tag="101" ind1="1" ind2=" ">
    <subfield code="a">rus</subfield>
    <subfield code="c">ger</subfield>
  </datafield>
  <datafield tag="102" ind1=" " ind2=" ">
    <subfield code="a">RU</subfield>
  </datafield>
  <datafield tag="105" ind1=" " ind2=" ">
    <subfield code="a">y   |||||||||</subfield>
  </datafield>
  <datafield tag="200" ind1="1" ind2=" ">
    <subfield code="a">&#x423;&#x447;&#x435;&#x43D;&#x438;&#x435; &#x43E; &#x43F;&#x438;&#x449;&#x435;</subfield>
    <subfield code="f">[&#x43E;&#x431;&#x449;&#x435;&#x43F;&#x43E;&#x43D;&#x44F;&#x442;&#x43D;&#x43E; &#x438;&#x437;&#x43B;&#x43E;&#x436;. &#x42F;. &#x41C;&#x43E;&#x43B;&#x435;&#x448;&#x43E;&#x442;&#x442;&#x43E;&#x43C;]</subfield>
  </datafield>
  <datafield tag="205" ind1=" " ind2=" ">
    <subfield code="a">[&#x420;&#x435;&#x43F;&#x440;. &#x438;&#x437;&#x434;.]</subfield>
  </datafield>
  <datafield tag="210" ind1=" " ind2=" ">
    <subfield code="a">[&#x411;. &#x43C;.</subfield>
    <subfield code="c">&#x431;. &#x438;.</subfield>
    <subfield code="d">2012?]</subfield>
  </datafield>
  <datafield tag="215" ind1=" " ind2=" ">
    <subfield code="a">[4], 226, 7 &#x441;.</subfield>
    <subfield code="c">&#x43F;&#x43E;&#x440;&#x442;&#x440;.</subfield>
    <subfield code="d">22</subfield>
  </datafield>
  <datafield tag="300" ind1=" " ind2=" ">
    <subfield code="a">&#x41E;&#x43F;&#x438;&#x441;&#x430;&#x43D;&#x43E; &#x43F;&#x43E; &#x43E;&#x431;&#x43B;.</subfield>
  </datafield>
  <datafield tag="300" ind1=" " ind2=" ">
    <subfield code="a">&#x410;&#x432;&#x442;. &#x443;&#x43A;&#x430;&#x437;&#x430;&#x43D; &#x43D;&#x430; &#x442;&#x438;&#x442;. &#x43B;. &#x43E;&#x440;&#x438;&#x433;. &#x438;&#x437;&#x434;.</subfield>
  </datafield>
  <datafield tag="300" ind1=" " ind2=" ">
    <subfield code="a">&#x41D;&#x430; &#x442;&#x438;&#x442;. &#x43B;. &#x43E;&#x440;&#x438;&#x433;. &#x438;&#x437;&#x434;.: &#x423;&#x447;&#x435;&#x43D;&#x438;&#x435; &#x43E; &#x43F;&#x438;&#x449;&#x435;, &#x43E;&#x431;&#x449;&#x435;&#x43F;&#x43E;&#x43D;&#x44F;&#x442;&#x43D;&#x43E; &#x438;&#x437;&#x43B;&#x43E;&#x436;&#x435;&#x43D;&#x43D;&#x43E;&#x435; &#x42F;. &#x41C;&#x43E;&#x43B;&#x435;&#x448;&#x43E;&#x442;&#x442;&#x43E;&#x43C;. &#x41F;&#x435;&#x440;&#x435;&#x432;&#x435;&#x434;&#x435;&#x43D;&#x43E; &#x441; &#x442;&#x440;&#x435;&#x442;&#x44C;&#x435;&#x433;&#x43E; &#x43D;&#x435;&#x43C;&#x435;&#x446;&#x43A;&#x43E;&#x433;&#x43E; &#x438;&#x437;&#x434;&#x430;&#x43D;&#x438;&#x44F;. &#x421;.-&#x41F;&#x435;&#x442;&#x435;&#x440;&#x431;&#x443;&#x440;&#x433;: &#x438;&#x437;&#x434;&#x430;&#x43D;&#x438;&#x435; &#x43A;&#x43D;. &#x43C;&#x430;&#x433;&#x430;&#x437;&#x438;&#x43D;&#x430; &#x421;&#x435;&#x440;&#x43D;&#x43E;-&#x421;&#x43E;&#x43B;&#x43E;&#x432;&#x44C;&#x435;&#x432;&#x438;&#x447;&#x430;, 1863</subfield>
  </datafield>
  <datafield tag="455" ind1=" " ind2="0">
    <subfield code="1">2001#$a&#x423;&#x447;&#x435;&#x43D;&#x438;&#x435; &#x43E; &#x43F;&#x438;&#x449;&#x435;, &#x43E;&#x431;&#x449;&#x435;&#x43F;&#x43E;&#x43D;&#x44F;&#x442;&#x43D;&#x43E; &#x438;&#x437;&#x43B;&#x43E;&#x436;&#x435;&#x43D;&#x43D;&#x43E;&#x435; &#x42F;. &#x41C;&#x43E;&#x43B;&#x435;&#x448;&#x43E;&#x442;&#x442;&#x43E;&#x43C;$e&#x43F;&#x435;&#x440;&#x435;&#x432;&#x435;&#x434;&#x435;&#x43D;&#x43E; &#x441; &#x442;&#x440;&#x435;&#x442;&#x44C;&#x435;&#x433;&#x43E; &#x43D;&#x435;&#x43C;&#x435;&#x446;&#x43A;&#x43E;&#x433;&#x43E; &#x438;&#x437;&#x434;&#x430;&#x43D;&#x438;&#x44F;</subfield>
    <subfield code="1">210##$a&#x421;&#x430;&#x43D;&#x43A;&#x442;-&#x41F;&#x435;&#x442;&#x435;&#x440;&#x431;&#x443;&#x440;&#x433;$d1863</subfield>
    <subfield code="t">&#x423;&#x447;&#x435;&#x43D;&#x438;&#x435; &#x43E; &#x43F;&#x438;&#x449;&#x435;, &#x43E;&#x431;&#x449;&#x435;&#x43F;&#x43E;&#x43D;&#x44F;&#x442;&#x43D;&#x43E; &#x438;&#x437;&#x43B;&#x43E;&#x436;&#x435;&#x43D;&#x43D;&#x43E;&#x435; &#x42F;. &#x41C;&#x43E;&#x43B;&#x435;&#x448;&#x43E;&#x442;&#x442;&#x43E;&#x43C;</subfield>
  </datafield>
  <datafield tag="606" ind1="1" ind2=" ">
    <subfield code="a">&#x41F;&#x438;&#x442;&#x430;&#x43D;&#x438;&#x435;</subfield>
    <subfield code="x">&#x413;&#x438;&#x433;&#x438;&#x435;&#x43D;&#x430;</subfield>
    <subfield code="9">1181108</subfield>
    <subfield code="3">RU\NLR\AUTH\66157651</subfield>
  </datafield>
  <datafield tag="606" ind1="1" ind2=" ">
    <subfield code="a">&#x41F;&#x438;&#x449;&#x435;&#x432;&#x44B;&#x435; &#x43F;&#x440;&#x43E;&#x434;&#x443;&#x43A;&#x442;&#x44B;</subfield>
    <subfield code="x">&#x41F;&#x438;&#x449;&#x435;&#x432;&#x430;&#x44F; &#x446;&#x435;&#x43D;&#x43D;&#x43E;&#x441;&#x442;&#x44C;</subfield>
    <subfield code="9">1402125</subfield>
    <subfield code="3">RU\NLR\AUTH\66590112</subfield>
  </datafield>
  <datafield tag="686" ind1="1" ind2=" ">
    <subfield code="a">&#x420;123</subfield>
  </datafield>
  <datafield tag="700" ind1=" " ind2="1">
    <subfield code="4">070</subfield>
    <subfield code="8">rus</subfield>
    <subfield code="7">ca</subfield>
    <subfield code="a">&#x41C;&#x43E;&#x43B;&#x435;&#x448;&#x43E;&#x442;</subfield>
    <subfield code="b">&#x42F;.</subfield>
    <subfield code="f">1822-1893</subfield>
    <subfield code="g">&#x42F;&#x43A;&#x43E;&#x432;</subfield>
    <subfield code="3">RU\NLR\auth\7798938</subfield>
    <subfield code="9">81864</subfield>
  </datafield>
  <datafield tag="801" ind1=" " ind2="0">
    <subfield code="a">RU</subfield>
    <subfield code="b">RuMoRKP</subfield>
    <subfield code="c">20130114</subfield>
    <subfield code="g">RCR</subfield>
  </datafield>
  <datafield tag="801" ind1=" " ind2="2">
    <subfield code="a">RU</subfield>
    <subfield code="b">&#x420;&#x413;&#x411;</subfield>
    <subfield code="c">20130122</subfield>
    <subfield code="g">rcr</subfield>
  </datafield>
  <datafield tag="801" ind1=" " ind2="1">
    <subfield code="a">RU</subfield>
    <subfield code="b">RuMoRKP</subfield>
    <subfield code="c">20130114</subfield>
    <subfield code="2">rusmarc</subfield>
  </datafield>
  <datafield tag="801" ind1=" " ind2="2">
    <subfield code="a">RU</subfield>
    <subfield code="b">NLR</subfield>
    <subfield code="c">20130118</subfield>
    <subfield code="g">rcr</subfield>
  </datafield>
  <datafield tag="942" ind1=" " ind2=" ">
    <subfield code="c">BOOK</subfield>
  </datafield>
  <datafield tag="980" ind1=" " ind2=" ">
    <subfield code="a">NB</subfield>
  </datafield>
  <datafield tag="995" ind1=" " ind2=" ">
    <subfield code="5">2013-01-18</subfield>
    <subfield code="a">ad</subfield>
    <subfield code="b">NLR01</subfield>
    <subfield code="c">NLR01</subfield>
    <subfield code="e">RF8</subfield>
    <subfield code="f">1-314119</subfield>
    <subfield code="k">2013-5/336</subfield>
    <subfield code="o">0</subfield>
    <subfield code="r">BOOK</subfield>
    <subfield code="s">20135336_</subfield>
  </datafield>
  <datafield tag="995" ind1=" " ind2=" ">
    <subfield code="5">2013-01-18</subfield>
    <subfield code="a">ad</subfield>
    <subfield code="b">NLR01</subfield>
    <subfield code="c">NLR01</subfield>
    <subfield code="e">RF8</subfield>
    <subfield code="f">3806512</subfield>
    <subfield code="k">2013-5/336</subfield>
    <subfield code="o">0</subfield>
    <subfield code="r">BOOK</subfield>
    <subfield code="s">20135336_</subfield>
  </datafield>
</record>
